000 00292 a2200109 4500
020 _a9789391600969
100 _aElif Shafak
245 _aNalpathu pranayaniyamangal(നാൽപത് പ്രണയ നിയമങ്ങൾ)
250 _a8th
260 _bOther books
_c2025
942 _cOO
999 _c115830
_d115829